Comportamiento del consumidor : (Registro nro. 12276)

Detalles MARC
000 -LEADER
fixed length control field 02435nam a2200277Ia 4500
003 - CONTROL NUMBER IDENTIFIER
control field OSt
005 - DATE AND TIME OF LATEST TRANSACTION
control field 20210826112249.0
008 - FIXED-LENGTH DATA ELEMENTS--GENERAL INFORMATION
fixed length control field 210310s2014 sp ad gr 000 0 spa d
020 ## - INTERNATIONAL STANDARD BOOK NUMBER
International Standard Book Number 9788492453245
040 ## - CATALOGING SOURCE
Original cataloging agency CO-JMCR
Transcribing agency CO-JMCR
041 0# - LANGUAGE CODE
Language code of text/sound track or separate title spa
082 04 - DEWEY DECIMAL CLASSIFICATION NUMBER
Classification number 658.8342 /
Item number H558c
Edition number 23
100 1# - MAIN ENTRY--PERSONAL NAME
Personal name Hernán, Roberto,
Relator term autor
9 (RLIN) 27778
245 #0 - TITLE STATEMENT
Title Comportamiento del consumidor :
Remainder of title microeconomía intermedia /
Statement of responsibility, etc. Roberto Hernán, Emilio Jiménez, José María López [y otros1]
260 ## - PUBLICATION, DISTRIBUTION, ETC.
Place of publication, distribution, etc. Madrid, España :
Name of publisher, distributor, etc. Delta,
Date of publication, distribution, etc. 2014.
300 ## - PHYSICAL DESCRIPTION
Extent 190 páginas :
Other physical details ilustraciones y gráficas en blanco y negro ;
Dimensions 24 cm.
505 0# - FORMATTED CONTENTS NOTE
Formatted contents note La elección óptima. -- El problema dual. -- El efecto sobre la demanda de cambios en la renta y los precios. -- El bienestar de los consumidores. -- La compra y la venta. -- La elección intertemporal. -- La oferta de trabajo.
520 0# - SUMMARY, ETC.
Summary, etc. Este libro es un paso hacia delante en el conocimiento de los alumnos que tienen afianzados los elementos básicos de la teoría económica y quieren profundizar en el análisis del comportamiento de los consumidores. Los temas que se tratan van desde los problemas más sencillos de decisión y análisis de las funciones de demanda, hasta la aplicación a áreas más específicas, como pueden ser el mercado de trabajo, el comercio internacional o el ahorro e inversión. La metodología utilizada ayuda al estudiante a identificar y comprender en primer lugar los conceptos fundamentales de cada tema para aplicarlos en la resolución de problemas más básicos y, también, los más complejos. Este no es solo un libro de problemas clásicos de microeconomía. Los pro mas que aquí se plantean permiten al alumno aplicar sus conocimientos económicos a problemas reales de decisión de consumo. Así, pretendemos que los estudiantes sean capaces de aplicar sus conocimientos teóricos para analizar las decisiones de consumo que se toman en la vida real. En este sentido, los alumnos (futuros directivos de empresas) pueden comprender la aplicación de la teoría económica en la toma de decisiones dentro de la empresa, especialmente en el área de Marketing.
650 14 - SUBJECT ADDED ENTRY--TOPICAL TERM
Topical term or geographic name entry element Comportamiento del consumidor
9 (RLIN) 27780
650 24 - SUBJECT ADDED ENTRY--TOPICAL TERM
Topical term or geographic name entry element Consumidores
9 (RLIN) 5130
650 24 - SUBJECT ADDED ENTRY--TOPICAL TERM
Topical term or geographic name entry element Comportamiento
9 (RLIN) 39716
650 24 - SUBJECT ADDED ENTRY--TOPICAL TERM
Topical term or geographic name entry element Modelos econométricos.
9 (RLIN) 5178
700 1# - ADDED ENTRY--PERSONAL NAME
Personal name Emilio Jiménez,
Relator term autor
9 (RLIN) 39717
700 1# - ADDED ENTRY--PERSONAL NAME
Personal name María López, José,
Relator term autor
9 (RLIN) 39718
942 ## - ADDED ENTRY ELEMENTS (KOHA)
Source of classification or shelving scheme Dewey Decimal Classification
Koha item type Books
Existencias
Withdrawn status Lost status Source of classification or shelving scheme Damaged status Not for loan Home library Current library Shelving location Date acquired Source of acquisition Total Checkouts Full call number Barcode Date last seen Date last checked out Copy number Price effective from Koha item type
    Dewey Decimal Classification     Biblioteca Pública José María del Castillo y Rada Biblioteca Pública José María del Castillo y Rada General Stacks 04/15/2018 Donación 1 658.8342 / H558c 430000356 05/07/2025 05/06/2025 Ej.1 03/10/2021 Books